书目信息 |
| 题名: |
手工
|
|
| 作者: | ;人民教育出版社 编著 | |
| 分册: | 第一册 | |
| 出版信息: | 北京 人民教育出版社 1999 |
|
| 页数: | 103页 | |
| 开本: | 26cm | |
| 丛书名: | ||
| 单 册: | ||
| 中图分类: | J-43 , G613.3 | |
| 科图分类: | ||
| 主题词: | 美术--幼儿师范学校--教材 , 手工课--幼儿师范学校--教材 , 教育--各级 | |
| 电子资源: | ||
| ISBN: | 7-107-13289-X | |
| 000 | 00926nam0 2200265 450 | |
| 001 | 1560347533 | |
| 005 | 20150128162525.28 | |
| 010 | @a7-107-13289-X@dCNY11.50 | |
| 100 | @a20021005d1999 em y0chiy0110 ea | |
| 101 | 0 | @achi |
| 102 | @aCN@b110000 | |
| 105 | @aa z 000yy | |
| 200 | 1 | @a手工@Ashou gong@9you er shi fan xue xiao jiao ke shu@h第一册@f人民教育出版社美术室编著 |
| 210 | @a北京@c人民教育出版社@d1999 | |
| 215 | @a103页@d26cm | |
| 300 | @a国家教育部规划教材 | |
| 330 | @a本套美术教科书分4册。本册主要介绍了手工制作常用工具、材料与类别,纸工造型与技法,综合类造型以及幼儿美术教育活动设计——模拟课等内容。 | |
| 606 | 0 | @a美术@x幼儿师范学校@x教材 |
| 606 | 0 | @a手工课@x幼儿师范学校@x教材 |
| 606 | 0 | @a教育@x各级 |
| 690 | @aJ-43@v5 | |
| 690 | @aG613.3@v4 | |
| 711 | 02 | @a人民教育出版社@9ren min jiao yu chu ban she mei shu shi@b美术室@4编著 |
| 801 | 0 | @aCN@bTSSF@c20150128 |
| 905 | @aZUCC@dG613.3@eJY2:1 | |
| 手工.第一册/人民教育出版社美术室编著.-北京:人民教育出版社,1999 |
| 103页;26cm |
| 国家教育部规划教材 |
| ISBN 7-107-13289-X:CNY11.50 |
| 本套美术教科书分4册。本册主要介绍了手工制作常用工具、材料与类别,纸工造型与技法,综合类造型以及幼儿美术教育活动设计——模拟课等内容。 |
| ● |
| 相关链接 |
|
|
|
|
正题名:手工
索取号:G613.3/JY2:1
 
预约/预借
| 序号 | 登录号 | 条形码 | 馆藏地/架位号 | 状态 | 备注 |
| 1 | 7845189 | 278451890 | 学院路分馆/ [索取号:G613.3/JY2:1] | 在馆 |